[Event "Senior DM 50+ 2021"]
[Site "Logumkloster"]
[Date "2021.06.03"]
[Round "5"]
[White "Schiodt, Niels Christian"]
[Black "Larsen, Johnny"]
[Result "1-0"]
[WhiteElo "2026"]
[BlackElo "1763"]
[PlyCount "83"]
[EventDate "2021.05.30"]
[EventType "swiss"]
[EventRounds "7"]
[EventCountry "DEN"]

1. d4 f5 2. e4 fxe4 3. Nc3 Nf6 4. Bg5 c6 5. f3 d5 6. fxe4 dxe4 7. Nge2 Bg4 8.
h3 Bh5 9. Qd2 Nbd7 10. Ng3 Bg6 11. O-O-O Qa5 12. Bc4 O-O-O 13. Be6 Kb8 14. Rhe1
Ka8 15. Ncxe4 Qa6 16. Qf2 Nd5 17. Bxd7 Rxd7 18. a3 e6 19. Nc5 Bxc5 20. dxc5 Rf7
21. Qd4 Rhf8 22. Ne4 b6 23. c4 e5 24. Qd3 Nf6 25. Bxf6 gxf6 26. cxb6 axb6 27.
Qf1 Qa4 28. Rd2 Rc8 29. Nd6 Rd8 30. Nxf7 Rxd2 31. Kxd2 Qc2+ 32. Ke3 Qxb2 33.
Rd1 e4 34. c5 Qc3+ 35. Kf4 b5 36. Qe1 Qxe1 37. Rxe1 Bxf7 38. Rxe4 Bg6 39. Re7
Kb8 40. Re6 Kc7 41. Rxf6 Kd7 42. g4 1-0

[Event "Senior DM 50+ 2021"]
[Site "Logumkloster"]
[Date "2021.06.03"]
[Round "5"]
[White "Rosenberg, Jan"]
[Black "Olsen, Aage Dalstrup"]
[Result "1/2-1/2"]
[WhiteElo "1925"]
[BlackElo "2003"]
[PlyCount "27"]
[EventDate "2021.05.30"]
[EventType "swiss"]
[EventRounds "7"]
[EventCountry "DEN"]

1. d4 Nf6 2. Nf3 d5 3. Bf4 e6 4. e3 c5 5. Nbd2 Nc6 6. c3 Be7 7. Bd3 O-O 8. h3
h6 9. Qe2 Qb6 10. Rb1 cxd4 11. exd4 Qd8 12. Ne5 Bd6 13. Nxc6 bxc6 14. Bxd6
1/2-1/2

[Event "Senior DM 50+ 2021"]
[Site "Logumkloster"]
[Date "2021.06.03"]
[Round "5"]
[White "Nielsen, Frode Benedikt"]
[Black "Ravnborg, Johan"]
[Result "1/2-1/2"]
[WhiteElo "1894"]
[BlackElo "1857"]
[PlyCount "70"]
[EventDate "2021.05.30"]
[EventType "swiss"]
[EventRounds "7"]
[EventCountry "DEN"]

1. e4 c6 2. c4 d5 3. exd5 cxd5 4. cxd5 Nf6 5. Qa4+ Bd7 6. Qb3 Qb6 7. Nc3 Na6 8.
Nf3 Qxb3 9. axb3 Nc7 10. Ne5 Nfxd5 11. Nxd7 Kxd7 12. Bc4 e6 13. d3 Bb4 14. Bd2
a6 15. Bxd5 Nxd5 16. Nxd5 Bxd2+ 17. Kxd2 exd5 18. Ra5 Kd6 19. Re1 Rhe8 20. Re3
Rac8 21. b4 Rxe3 22. fxe3 Rc6 23. Ra1 f6 24. Rf1 Rb6 25. Rf4 a5 26. Kc3 Rc6+
27. Kb3 Rb6 28. Rg4 Rxb4+ 29. Rxb4 axb4 30. Kxb4 Kc6 31. Kb3 Kb5 32. Kc3 Kc5
33. Kb3 Kb5 34. Kc3 Kc5 35. Kb3 Kb5 1/2-1/2

[Event "Senior DM 50+ 2021"]
[Site "Logumkloster"]
[Date "2021.06.04"]
[Round "6"]
[White "Danielsen, Henrik"]
[Black "Hansen, Hans Valdemar"]
[Result "1-0"]
[WhiteElo "2516"]
[BlackElo "1838"]
[PlyCount "45"]
[EventDate "2021.05.30"]
[EventType "swiss"]
[EventRounds "7"]
[EventCountry "DEN"]

1. d4 g6 2. e4 d6 3. Nc3 Bg7 4. Be3 a6 5. f4 e6 6. Nf3 Ne7 7. Bd3 f5 8. e5 b5
9. a4 b4 10. Ne2 Nd5 11. Bf2 Bb7 12. O-O O-O 13. Qd2 Nd7 14. a5 dxe5 15. dxe5
Rc8 16. Bc4 c5 17. Rfd1 Qe7 18. Ng5 h6 19. Nxe6 Qxe6 20. Bxd5 Bxd5 21. Qxd5
Qxd5 22. Rxd5 Rc7 23. Rad1 1-0

[Event "Senior DM 50+ 2021"]
[Site "Logumkloster"]
[Date "2021.06.04"]
[Round "6"]
[White "Schiodt, Niels Christian"]
[Black "Rewitz, Poul"]
[Result "0-1"]
[WhiteElo "2026"]
[BlackElo "2273"]
[PlyCount "74"]
[EventDate "2021.05.30"]
[EventType "swiss"]
[EventRounds "7"]
[EventCountry "DEN"]

1. e4 c6 2. d4 d5 3. e5 Bf5 4. Ne2 e6 5. Ng3 Bg6 6. h4 h6 7. h5 Bh7 8. Bd3 Bxd3
9. cxd3 Qb6 10. Be3 Qxb2 11. Nd2 Qa3 12. O-O Qxd3 13. Rb1 b6 14. Rb3 Qh7 15.
Qg4 Ne7 16. Nf3 Nd7 17. Rc3 g5 18. Bc1 Rc8 19. Ba3 Nf5 20. Bxf8 Rxf8 21. Nd2
Ke7 22. f4 Rg8 23. fxg5 Rxg5 24. Nxf5+ Qxf5 25. Qh4 Qg4 26. Qf2 Rf5 27. Nf3 c5
28. dxc5 Rxc5 29. Rxc5 Nxc5 30. Rc1 Kf8 31. Qe3 Kg7 32. Rc2 Rxh5 33. Qa3 Rf5
34. Rf2 a5 35. Rb2 Qa4 36. Qe3 Qd1+ 37. Kh2 Ne4 0-1

[Event "Senior DM 50+ 2021"]
[Site "Logumkloster"]
[Date "2021.06.04"]
[Round "6"]
[White "Madsen, Poul Henrik"]
[Black "Andersen, Morten"]
[Result "0-1"]
[WhiteElo "2132"]
[BlackElo "2194"]
[PlyCount "72"]
[EventDate "2021.05.30"]
[EventType "swiss"]
[EventRounds "7"]
[EventCountry "DEN"]

1. d4 d5 2. Nf3 Nf6 3. Bf4 c5 4. c3 Qb6 5. Qb3 c4 6. Qxb6 axb6 7. Nbd2 b5 8. a3
Nc6 9. Rc1 h6 10. h3 Bf5 11. g4 Bh7 12. g5 Nd7 13. Bg2 Nb6 14. gxh6 gxh6 15.
Ne5 Rg8 16. Bf3 Nxe5 17. Bxe5 e6 18. e4 Na4 19. Rb1 Kd7 20. exd5 Bxb1 21. Nxb1
Nxb2 22. dxe6+ fxe6 23. Bxb7 Nd3+ 24. Ke2 Ra7 25. Be4 Nxe5 26. dxe5 Bxa3 27.
Rd1+ Ke7 28. Nxa3 Rxa3 29. Bc6 Rd8 30. Rb1 Rc8 31. Be4 Rc5 32. f4 Rxc3 33. Rg1
Rxh3 34. Rg7+ Kf8 35. Rb7 c3 36. Bc2 Rh2+ 0-1

[Event "Senior DM 50+ 2021"]
[Site "Logumkloster"]
[Date "2021.06.04"]
[Round "6"]
[White "Rosenberg, Jan"]
[Black "Steenstrup, Svend"]
[Result "0-1"]
[WhiteElo "1925"]
[BlackElo "2009"]
[PlyCount "146"]
[EventDate "2021.05.30"]
[EventType "swiss"]
[EventRounds "7"]
[EventCountry "DEN"]

1. d4 Nf6 2. Nf3 d6 3. Bf4 Nh5 4. Bg3 Nxg3 5. hxg3 Nd7 6. Nbd2 e5 7. e3 g6 8.
Bc4 Bg7 9. c3 Qe7 10. dxe5 Nxe5 11. Nxe5 Bxe5 12. Qe2 Bd7 13. f4 Bg7 14. Kf2 h5
15. Nf3 Bg4 16. Qc2 O-O-O 17. Qb3 Rhe8 18. Rhe1 Bxf3 19. gxf3 h4 20. Bxf7 hxg3+
21. Kg2 Rh8 22. Qe6+ Rd7 23. Qxe7 Rxe7 24. Bxg6 Rh2+ 25. Kxg3 Rxb2 26. c4 Kd7
27. Bf5+ Kc6 28. Be4+ Kc5 29. Rab1 Bc3 30. Rxb2 Bxe1+ 31. Kg4 c6 32. Re2 Bc3
33. Bd3 Rg7+ 34. Kf5 Rg3 35. Rf2 Rg8 36. Ke6 Re8+ 37. Kf7 Rxe3 38. Bf1 Kd4 39.
f5 Ke5 40. f6 Kf4 41. Kg6 Re6 42. Rc2 Rxf6+ 43. Kg7 Be5 44. Kg8 Kxf3 45. Bh3
Ke3 46. Bc8 Rh6 47. Kf7 Kd4 48. Be6 a5 49. Ke7 Kc5 50. Kf7 a4 51. Ke7 a3 52.
Rf2 Rh7+ 53. Bf7 b6 54. Kd7 Rh1 55. Rd2 Ra1 56. Be6 Bd4 57. Kc7 Rb1 58. Rd3 Be5
59. Kd7 Rh1 60. Rxa3 Rh7+ 61. Ke8 Bf6 62. Bf7 d5 63. cxd5 Kd6 64. Kf8 Rh8+ 65.
Bg8 cxd5 66. Rb3 Kc5 67. Rf3 Bb2 68. Rf5 Rxg8+ 69. Kxg8 Kc4 70. Kf7 d4 71. Rf6
d3 72. Rxb6 d2 73. Rd6 Bd4 0-1

[Event "Senior DM 50+ 2021"]
[Site "Logumkloster"]
[Date "2021.06.04"]
[Round "6"]
[White "Olsen, Aage Dalstrup"]
[Black "Agger, Lars Breinholt"]
[Result "1-0"]
[WhiteElo "2003"]
[BlackElo "1818"]
[PlyCount "79"]
[EventDate "2021.05.30"]
[EventType "swiss"]
[EventRounds "7"]
[EventCountry "DEN"]

1. e4 d5 2. exd5 Qxd5 3. Nc3 Qa5 4. d4 c6 5. Bc4 Nf6 6. Nf3 Bg4 7. h3 Bf5 8.
Qe2 Nbd7 9. a3 e6 10. O-O Bd6 11. Re1 O-O-O 12. b4 Bxb4 13. axb4 Qxa1 14. Na2
Qb1 15. Bb3 Bxc2 16. Qxc2 Qxc2 17. Bxc2 Nb6 18. Bf4 Nc4 19. Bd3 Nb2 20. Be2 Nd5
21. Bg3 f6 22. b5 Na4 23. bxc6 bxc6 24. Bd1 Nb2 25. Bc2 a5 26. Rb1 Nc4 27. Rb8+
Kd7 28. Rb7+ Kc8 29. Ra7 Ndb6 30. Rc7+ Kb8 31. Rxc6+ Kb7 32. Rxe6 Rd7 33. Nc3
Nb2 34. Be4+ Ka7 35. Bc6 Rf7 36. d5 Rc8 37. Nd4 Nd3 38. Ncb5+ Ka6 39. Nd6 Ne5
40. Nxc8 1-0

[Event "Senior DM 50+ 2021"]
[Site "Logumkloster"]
[Date "2021.06.04"]
[Round "6"]
[White "Ravnborg, Johan"]
[Black "Andersen, Helge"]
[Result "1-0"]
[WhiteElo "1857"]
[BlackElo "1953"]
[PlyCount "69"]
[EventDate "2021.05.30"]
[EventType "swiss"]
[EventRounds "7"]
[EventCountry "DEN"]

1. Nf3 Nf6 2. g3 g6 3. c4 Bg7 4. Bg2 O-O 5. Nc3 d5 6. cxd5 Nxd5 7. O-O c6 8. d4
Nd7 9. Nxd5 cxd5 10. Qb3 Nf6 11. Bf4 b6 12. Rfc1 Ba6 13. Bf1 Rc8 14. Rxc8 Qxc8
15. Rc1 Bc4 16. Qa3 Nh5 17. b3 Qa6 18. Qxa6 Bxa6 19. Rc7 Nxf4 20. gxf4 e6 21.
Rxa7 Bc8 22. e3 Rd8 23. Ne5 Bxe5 24. fxe5 Kf8 25. Bb5 h5 26. h4 Kg7 27. f4 Rf8
28. Bc6 Rd8 29. Ra8 Rf8 30. Rb8 Ba6 31. Rxb6 Bd3 32. a4 Rc8 33. a5 Rc7 34. b4
Ra7 35. Rb7 1-0

[Event "Senior DM 50+ 2021"]
[Site "Logumkloster"]
[Date "2021.06.05"]
[Round "7"]
[White "Madsen, Poul Henrik"]
[Black "Danielsen, Henrik"]
[Result "0-1"]
[WhiteElo "2132"]
[BlackElo "2516"]
[PlyCount "240"]
[EventDate "2021.05.30"]
[EventType "swiss"]
[EventRounds "7"]
[EventCountry "DEN"]

1. d4 d6 2. Nf3 g6 3. Bf4 Bg7 4. e3 Nd7 5. h3 e5 6. Bh2 Nh6 7. Bb5 c6 8. Ba4
O-O 9. O-O Qe7 10. c4 Kh8 11. Nc3 f5 12. Re1 Nf7 13. Rc1 g5 14. dxe5 dxe5 15.
Bc2 Nb6 16. b3 e4 17. Nd4 a6 18. Bb1 c5 19. Nde2 Be6 20. Qc2 Ne5 21. Rcd1 Rad8
22. Ng3 Nd3 23. Rf1 Qe8 24. a3 Nd7 25. f3 N7e5 26. fxe4 f4 27. exf4 Nxf4 28.
Rxd8 Qxd8 29. Nd5 Nc6 30. Nf5 Nd4 31. Qd1 Nxd5 32. cxd5 Bxf5 33. exf5 Qxd5 34.
f6 Rxf6 35. Rxf6 Bxf6 36. Qd3 Qf7 37. b4 c4 38. Qe4 Kg8 39. Be5 Bxe5 40. Qxe5
Ne6 41. Be4 Kf8 42. Bd5 Ke7 43. Bxc4 Qf6 44. Qe4 Qd4+ 45. Qxd4 Nxd4 46. Bd3 h6
47. Kf2 Kf6 48. Ke3 Ke5 49. a4 Nc6 50. b5 axb5 51. Bxb5 Nd4 52. Bd3 b6 53. Bg6
Ne6 54. g3 Nc5 55. Be8 Ne4 56. Kf3 Nf6 57. Bg6 Kd4 58. Bc2 Kc3 59. Bd1 Kd3 60.
h4 Kd2 61. hxg5 hxg5 62. Bb3 Kc3 63. Bd1 Kd4 64. Bc2 Ke5 65. g4 Kd4 66. Bd1 Nd7
67. Ke2 Ne5 68. Kd2 Nc4+ 69. Kc1 Kc3 70. Kb1 Nd2+ 71. Ka2 Kb4 72. Kb2 Nc4+ 73.
Ka2 Ne3 74. Bf3 Kxa4 75. Kb2 Kb4 76. Be2 Kc5 77. Kc3 Nd5+ 78. Kb3 b5 79. Bd1
Ne3 80. Be2 Nc4 81. Bd3 Ne5 82. Be2 b4 83. Bd1 Nc6 84. Kb2 Nd4 85. Ba4 Kc4 86.
Be8 Nf3 87. Bf7+ Kc5 88. Kb3 Nd4+ 89. Ka4 Nb5 90. Kb3 Nd6 91. Be6 Ne4 92. Bf7
Nf2 93. Bh5 Nd3 94. Bf7 Ne1 95. Bg6 Nf3 96. Bf7 Nd2+ 97. Kc2 Ne4 98. Kb3 Kb5
99. Be8+ Ka5 100. Bg6 Nd2+ 101. Kc2 Nc4 102. Kb3 Ne3 103. Bh5 Kb5 104. Be8+ Kc5
105. Bd7 Nc4 106. Be6 Na5+ 107. Ka4 Nc6 108. Bf7 Nd4 109. Bg8 Nf3 110. Kb3 Kb5
111. Bc4+ Ka5 112. Bf7 Ne5 113. Bh5 Nd7 114. Be8 Nf6 115. Bh5 Kb5 116. Kc2 Kb6
117. Kb2 Kc6 118. Kc2 Kd6 119. Kb3 Nxh5 120. gxh5 Ke5 0-1

[Event "Senior DM 50+ 2021"]
[Site "Logumkloster"]
[Date "2021.06.05"]
[Round "7"]
[White "Rewitz, Poul"]
[Black "Olsen, Aage Dalstrup"]
[Result "1-0"]
[WhiteElo "2273"]
[BlackElo "2003"]
[PlyCount "65"]
[EventDate "2021.05.30"]
[EventType "swiss"]
[EventRounds "7"]
[EventCountry "DEN"]

1. e4 c5 2. Nf3 d6 3. d4 cxd4 4. Nxd4 Nf6 5. Nc3 Bd7 6. f3 Nc6 7. Be3 a6 8. Qd2
e6 9. O-O-O Be7 10. Kb1 Qc7 11. g4 h6 12. Be2 Ne5 13. h3 b5 14. Rc1 Nc4 15.
Bxc4 Qxc4 16. h4 b4 17. Nd1 e5 18. Nf5 Bxf5 19. gxf5 d5 20. b3 Qc6 21. Rg1 dxe4
22. f4 exf4 23. Bxf4 Rd8 24. Qh2 Nd5 25. Rxg7 Bf6 26. Be5 Bxg7 27. Bxg7 Kd7 28.
c4 bxc3 29. Nxc3 Rhg8 30. Nxd5 Qxd5 31. Qc7+ Ke8 32. Bf6 Rg2 33. Qe7# 1-0

[Event "Senior DM 50+ 2021"]
[Site "Logumkloster"]
[Date "2021.06.05"]
[Round "7"]
[White "Andersen, Morten"]
[Black "Ravnborg, Johan"]
[Result "1/2-1/2"]
[WhiteElo "2194"]
[BlackElo "1857"]
[PlyCount "25"]
[EventDate "2021.05.30"]
[EventType "swiss"]
[EventRounds "7"]
[EventCountry "DEN"]

1. c4 c6 2. g3 d5 3. Bg2 Nf6 4. Nf3 g6 5. b3 Bg7 6. Bb2 O-O 7. d3 Bg4 8. Nbd2
Nbd7 9. O-O Re8 10. h3 Bxf3 11. Nxf3 e5 12. e3 a5 13. Qc2 1/2-1/2

[Event "Senior DM 50+ 2021"]
[Site "Logumkloster"]
[Date "2021.06.05"]
[Round "7"]
[White "Hansen, Hans Valdemar"]
[Black "Steenstrup, Svend"]
[Result "1/2-1/2"]
[WhiteElo "1838"]
[BlackElo "2009"]
[PlyCount "111"]
[EventDate "2021.05.30"]
[EventType "swiss"]
[EventRounds "7"]
[EventCountry "DEN"]

1. e4 d5 2. exd5 Qxd5 3. Nc3 Qd6 4. Nf3 Nf6 5. Be2 a6 6. d3 Nc6 7. Be3 e5 8.
O-O Bf5 9. Ng5 h6 10. Nge4 Nxe4 11. dxe4 Bg6 12. Qxd6 Bxd6 13. a3 Nd4 14. Bd3
Ne6 15. Nd5 c6 16. Nb6 Rd8 17. b4 Nf4 18. Bxf4 exf4 19. Rad1 O-O 20. c4 Rfe8
21. f3 a5 22. c5 Be5 23. Nc4 Bd4+ 24. Kh1 axb4 25. axb4 Bc3 26. Nd6 Re7 27. Rb1
Be5 28. b5 Bxd6 29. cxd6 Rxd6 30. bxc6 bxc6 31. Bc4 Rd4 32. Rfc1 Kh7 33. Rb6 f5
34. exf5 Be8 35. Be6 g6 36. fxg6+ Kxg6 37. Bb3 Re2 38. h3 Rdd2 39. Rb8 Kg5 40.
Bc4 Re5 41. Rc8 Kh4 42. Ba6 Kg3 43. Bf1 Kf2 44. Ba6 c5 45. Kh2 Bf7 46. Rf1+ Ke3
47. Re1+ Kd4 48. Rxe5 Kxe5 49. Rxc5+ Kf6 50. Bc8 Bd5 51. Bg4 Kg6 52. Rb5 h5 53.
Rb6+ Kg5 54. h4+ Kxh4 55. Rh6 Bf7 56. Bh3 1/2-1/2

[Event "Senior DM 50+ 2021"]
[Site "Logumkloster"]
[Date "2021.06.05"]
[Round "7"]
[White "Westenborg, Allan"]
[Black "Schiodt, Niels Christian"]
[Result "0-1"]
[WhiteElo "1825"]
[BlackElo "2026"]
[PlyCount "88"]
[EventDate "2021.05.30"]
[EventType "swiss"]
[EventRounds "7"]
[EventCountry "DEN"]

1. d4 Nf6 2. Bf4 d5 3. Nd2 Bf5 4. e3 e6 5. Ngf3 Bd6 6. Bg3 Nc6 7. a3 Qe7 8. c4
h6 9. Rc1 O-O 10. Be2 Bxg3 11. hxg3 Rad8 12. Qb3 Rb8 13. Qa4 e5 14. cxd5 Nxd5
15. dxe5 Nxe5 16. Nxe5 Qxe5 17. Nc4 Qf6 18. Qb3 c5 19. a4 b6 20. O-O a6 21. Bf3
Nb4 22. Qc3 Qe6 23. Rcd1 Rfd8 24. Rxd8+ Rxd8 25. Rd1 Rxd1+ 26. Bxd1 Be4 27. f3
Bd5 28. b3 b5 29. axb5 axb5 30. Nd2 Qd6 31. e4 Be6 32. Kf2 Nc6 33. f4 f6 34.
Be2 Nd4 35. Bd1 Qb6 36. Qe3 Qa5 37. f5 Bf7 38. g4 Qa1 39. Be2 Qb2 40. Qd3 b4
41. Bd1 Be8 42. Ke3 Bb5 43. Nc4 Qxg2 44. Qb1 Qg3+ 0-1

[Event "Senior DM 50+ 2021"]
[Site "Logumkloster"]
[Date "2021.06.05"]
[Round "7"]
[White "Andersen, Helge"]
[Black "Madsen, Jan"]
[Result "1-0"]
[WhiteElo "1953"]
[BlackElo "1900"]
[PlyCount "81"]
[EventDate "2021.05.30"]
[EventType "swiss"]
[EventRounds "7"]
[EventCountry "DEN"]

1. d4 d5 2. c4 e6 3. Nc3 Nf6 4. Bg5 b6 5. cxd5 exd5 6. e3 Be7 7. Nf3 O-O 8. Bd3
Be6 9. O-O h6 10. Bxf6 Bxf6 11. Rc1 c6 12. Bb1 b5 13. Ne2 g6 14. Nf4 Qe8 15. h3
a5 16. Re1 Bg5 17. Nxe6 Qxe6 18. Ne5 f5 19. Qc2 Rc8 20. g3 Ra7 21. h4 Be7 22.
h5 gxh5 23. Qxf5 Qxf5 24. Bxf5 Rcc7 25. Re2 Bd6 26. Rec2 Bxe5 27. dxe5 Kf7 28.
f4 Ra6 29. Kf2 Ke7 30. Rh1 c5 31. Rxh5 b4 32. b3 a4 33. e6 axb3 34. axb3 Ra3
35. Rxh6 Na6 36. Rh7+ Kd6 37. Rxc7 Nxc7 38. Rb2 Na6 39. g4 c4 40. bxc4 dxc4 41.
Rd2+ 1-0